000 00426nam a2200157 4500
001 116503
003 ES-MaACL
005 20230906190722.0
007 t|
008 061121s1971 sp r ||||1| baq d
100 1 _aOtaegi, Benancio.
_987851
245 1 0 _aLehen gizarteak
_b: historia /
_cBenancio Otaegi.
260 _aBilbao :
_bMensajero,
_c1971.
300 _a174 p. ;
_c18 cm.
852 _aES-MaACL
_jC-47635
_bR.804427
999 _c116503
_d116503